000 00811cam a22002533a 4500
001 10392
003 PGUSA
005 20140828083224.0
008 031201s2003||||xxu|||||s|||||000 | eng d
040 _aPGUSA
_beng
042 _adc
050 4 _aKD
100 1 _aBrampton, Henry Hawkins, Baron,
_d1817-1907
245 1 4 _aThe Reminiscences of Sir Henry Hawkins (Baron Brampton)
_h[electronic resource] /
_cHenry Hawkins, Baron Brampton
260 _bProject Gutenberg,
_c2003
506 _aPublic domain in the USA.
516 _aElectronic text
653 _aJudges -- Great Britain -- Biography
653 _aBrampton, Henry Hawkins, Baron, 1817-1907
700 1 _aHarris, Richard,
_d1833-1906
830 0 _aProject Gutenberg
_v10392
856 4 0 _uhttp://www.gutenberg.org/ebooks/10392
942 _cEB
999 _c239647
_d239647